| 000 | 01324nam0a22002891 4500 | ||
|---|---|---|---|
| 001 | rc\2366455 | ||
| 005 | 20260407131232.0 | ||
| 035 | _a(NLR Aleph) 006508482 | ||
| 090 |
_a6305157 _c6305157 |
||
| 100 | _a20110829d1976 |||y0rusy50 ca | ||
| 101 | 0 | _arus | |
| 102 | _aRU | ||
| 105 | _aa b ||||| | ||
| 200 | 1 |
_aОльга Сергеевна Артамонова _eВыставка произведений _eСкульптура малых форм. Керамика. Фарфор _eКаталог _fАвт. вступ. статьи и сост.: Л.Л. Макоед |
|
| 210 |
_aМосква _cБ. и. _d1976 |
||
| 215 |
_a11 с., 7 л. ил. _d16 |
||
| 300 | _aВ надзаг.: Моск. организация Союза художников РСФСР | ||
| 320 | _aСписок лит. в конце текста (7 назв.) | ||
| 606 |
_aСкульптура малых форм, русская, советская _xВыставки _z1976 _yМосква _2rkp |
||
| 702 | 1 |
_aМакоед _bЛ.Л. _4080 _4220 |
|
| 710 | 1 | 0 |
_aАртамонова, _gОльга Сергеевна _hВыставка произведений _f1976 _eМосква _3RU\NLR\AUTH\8810077259 _9656713 |
| 801 | 0 |
_aRU _bNLR _gpsbo |
|
| 801 | 1 |
_aRU _bELAR _2rusmarc |
|
| 852 |
_aNLR _bЭ _jКП/А860 |
||
| 942 | _cBOOK | ||
| 980 | _aNB | ||